Quiz o Ząbkach - Statystyki

Ogólne statystyki
  • Ten quiz został rozwiązany 3 razy
  • Średni wynik to 9 z 15
Statystyki odpowiedzi
Wskazówka Odpowiedź % Poprawnych
W jakiej aglomeracji leżą Ząbki? aglomeracja {warszawska}
100%
Województwo, w którym leżą Ząbki mazowieckie
100%
Województwo, w którym leżały Ząbki w latach 1975-1998 warszawskie
100%
Tablica rejestracyjna Ząbek WWL
100%
Klub piłkarski tego miasta {Ząbkovia} Ząbki
100%
Kod pocztowy Ząbek 05-091
67%
Strefa numeracyjna Ząbek +48 {22}
67%
Burmistrz Ząbek Małgorzata Zyśk
67%
Na kogo mocy powstała wieś (dziś miasto Ząbki) o powyższej nazwie? Zygmunt I Stary
67%
Rok, w którym Ząbki otrzymały prawa miejskie 1967
33%
Jakich znanych sieci handlowych nie ma w Ząbkach? Media Expert
33%
Jak brzmiała pierwotna nazwa Ząbek? Wola Zambkowa
33%
Rok, w którym założono Ząbki 1522
0%
Populacja Ząbek (w przybliżeniu) 45,300
0%
Jakich znanych sieci handlowych nie ma w Ząbkach? Stacja paliw "ORLEN"
0%
Nie znaleziono quizów pasujących do podanych kryteriów
Rozkład punktacji
Procent ludzi z każdym wynikiem
Percentyl według liczby udzielonych odpowiedzi
Twoja historia wyników
Nie rozwiązałeś tego quizu